| 000 | 00546nam a2200181Ia 4500 | ||
|---|---|---|---|
| 008 | 220214s9999 xx 000 0 und d | ||
| 100 | _aZhongyu Zhou | ||
| 245 | 0 | _aMethod of forcasting the yield of Brazilian rubber plant during seedling stage and the research of its theoretical foundation | |
| 260 |
_bChinese Journal of Tropical Crops _c1982 |
||
| 300 | _a16-Jan | ||
| 650 | _aBrazilian rubber | ||
| 650 | _aSeedling stage | ||
| 650 | _aYield | ||
| 700 | _aQiyuan Guo | ||
| 700 | _aXiang Huang | ||
| 700 | _aXiehui Yuan | ||
| 942 | _cRE | ||
| 999 |
_c45368 _d45368 |
||